000
00320nam a22001337a 4500
008
170316b xxu||||| |||| 00| 0 eng d
020
_a
9780781763288
041
_a
eng
080
_2
7 ED
_a
611
100
_a
7
101
_a
SHM
245
_a
NEURO ANATOMY AN ATALAS OF STRUCTURE SECTIONS
_c
HAINES.D.E
942
_2
udc
_c
BK
999
_c
7974
_d
7974